000 00820nam a2200205 i 4500
001 65514
003 ES-MaACL
005 20250822190538.0
007 t|
008 040115s1905 mx ||||1| spa d
100 1 _aFrías y Soto, Hilarión.
_952590
245 1 0 _aJuárez glorificado y la intervención y el imperio ante la verdad histórica /
_cpor Hilarión Frías y Soto refutando la obra de Francisco Bulnes titulada el verdadero Juárez.
260 _aMéxico :
_b[s.n.],
_c1905 (
_fImp. Central)
300 _a478 p. ;
_c22 cm.
600 1 4 _aJuárez, Benito,
_d1806-1872
_967156
600 1 4 _aBulnes, Francisco.
_tJuárez y las revoluciones de Ayutla y de reforma.
_9159525
651 4 _aMéxico-
_xHistoria-
_y1861-1867, Intervención europea.
_9146885
852 _aES-MaACL
_jF-1830
999 _c65514
_d65514